| 000 | 00517cam a2200217ua 4500 | ||
|---|---|---|---|
| 001 | 8039 | ||
| 005 | 20260515114303.0 | ||
| 008 | 150105n ii |||gr||||Z||||||hin | ||
| 020 | _a8122500072 | ||
| 040 | _cMAIN | ||
| 041 | _ahin | ||
| 082 | _a491.43 | ||
| 100 |
_aTiwari, B., _eAuthor. |
||
| 245 | 1 |
_aBhasabigyan _cBy Bholanath Tiwari |
|
| 250 | _a52th. | ||
| 260 |
_aNew Delhi: _bKitap, _c2008. |
||
| 300 | _a438p. | ||
| 653 | _aEast Indo-European & Celtic languages | ||
| 653 | _aHindi language | ||
| 942 | _cBK | ||
| 999 |
_c7151 _d7151 |
||